书目信息 |
| 题名: |
激光物理基础
|
|
| 作者: | 王雨三 , 张中华 主编 | |
| 分册: | ||
| 出版信息: | 哈尔滨 哈尔滨工业大学出版社 2004 |
|
| 页数: | 334页 | |
| 开本: | 26cm | |
| 丛书名: | ||
| 单 册: | ||
| 中图分类: | TN241 | |
| 科图分类: | ||
| 主题词: | 激光基础 | |
| 电子资源: | ||
| ISBN: | 7-5603-1885-1 | |
| 000 | 00795nam0 2200229 45 | |
| 001 | 002631174 | |
| 005 | 20050412103817.3 | |
| 010 | @a7-5603-1885-1@dCNY26.00 | |
| 100 | @a20040423d2004 em y0chiy0110 ea | |
| 101 | 0 | @achi |
| 102 | @aCN@b230000 | |
| 105 | @ay z 000yy | |
| 200 | 1 | @a激光物理基础@Aji guang wu li ji chu@f王雨三,张中华主编@FWang Yu San,Zhang Zhong Hua Zhu Bian |
| 210 | @a哈尔滨@c哈尔滨工业大学出版社@d2004 | |
| 215 | @a334页@d26cm | |
| 330 | @a该书讲述了激光与物质相互作用的半经典理论、全量子理论以及某些量子光学现象。内容包括激光电磁场方程与密度矩阵、静止原子激光器与运动原子激光器振荡的半经典理论等。 | |
| 606 | 0 | @a激光基础 |
| 690 | @aTN241@v4 | |
| 701 | 0 | @a王雨三@4主编 |
| 701 | 0 | @a张中华@4主编 |
| 801 | 0 | @aCN@bNLC@c20040830 |
| 905 | @f5@b348860-864@dTN241@e50 | |
| 激光物理基础/王雨三,张中华主编.-哈尔滨:哈尔滨工业大学出版社,2004 |
| 334页;26cm |
| ISBN 7-5603-1885-1:CNY26.00 |
| 该书讲述了激光与物质相互作用的半经典理论、全量子理论以及某些量子光学现象。内容包括激光电磁场方程与密度矩阵、静止原子激光器与运动原子激光器振荡的半经典理论等。 |
| ● |
| 相关链接 |
|
|
|
|
正题名:激光物理基础
索取号:TN241/50
 
预约/预借
| 序号 | 登录号 | 条形码 | 馆藏地/架位号 | 状态 | 备注 |
| 1 | 0348860 | 203488608 | 第二样本阅览室/ [索取号:TN241/50] | 在馆 | |
| 2 | 0348861 | 203488617 | 第三借阅区/ [索取号:TN241/50] | 在馆 | |
| 3 | 0348862 | 203488626 | 第三借阅区/ [索取号:TN241/50] | 在馆 | |
| 4 | 0348863 | 203488635 | 第三借阅区/ [索取号:TN241/50] | 在馆 | |
| 5 | 0348864 | 203488644 | 第三借阅区/ [索取号:TN241/50] | 在馆 |